| 000 | 00909nam a22002417a 4500 | ||
|---|---|---|---|
| 005 | 20110902123150.0 | ||
| 010 | _aG-001375 | ||
| 020 |
_a8189863096 _c150.00 |
||
| 035 | _aG-001375 | ||
| 037 | _bGift | ||
| 082 | _a781.754 | ||
| 100 |
_a _934168 |
||
| 245 |
_aSwami Vivekananda's concepts of Indian classical music / _ccollected and compiled by Narendranath Dutta (and) Baishnab Charan Basak; translated by Paras Dutta |
||
| 260 |
_aKolkata _bNaya Udyog _c2008 |
||
| 270 |
_a206, Bidhan Sarani, _bKolkata _e700006 |
||
| 300 |
_a58p. _b22cm(Hb) |
||
| 700 |
_aDutta, Narendranath _934169 |
||
| 700 |
_aBaishnab Charan Basak _934170 |
||
| 700 |
_aDutta, Paras _934171 |
||
| 942 |
_2ddc _cEN _h781.754 _mVIV |
||
| 999 |
_c56215 _d56215 |
||